00998nam a22002415i 4500001000700000003000900007005001700016008004100033040002500074080000800099100003300107245007900140250001700219260007600236300003200312490005400344597007000398650003100468830006200499852005000561999001900611952012600630163635ES-MaACL20250805062614.0990701s1893 fr |||| | fre d aGA bspa cCCPB | 3D a3161 aRoberty, Eugène de.99786113aLa sociologie b: essai de philosophie sociologique / cpar E. de Roberty. a3ème éd. aParís : bFélix Alcan, c1893 (eCoulommiers : fImp. Paul Brodard) aVIII, 232, 32 p. ; c22 cm.1 aBibliothèque scientifique internationale ; v37 aLa última secuencia de pag. corresponde a propaganda editorial. 7aSociología2embne9171950 aBibliothèque scientifique internationale ; v379186949 aES-MaACLjF-14367 z-- Enc. editorial en tela c163635d163635 001040708LIBXIXaATENEOMbATENEOMcSPP2d2008-01-17eSSCl0oF-14367p1171477r2023-02-23 00:00:00w2023-02-23yMONANT